000 01789nam a2200193Ia 4500
003 Ost
005 20260507075255.0
008 260507s9999||||xx |||||||||||||| ||und||
040 _cfsecg
041 _aara
082 _a330
100 _aيوسف ياسين، محمد
_eمؤلف
245 0 _aالبورصة :
_bعمليات البورصة ، تنازع القوانين ، إختصاص المحاكم /
_c محمد يوسف ياسين
260 _aبيروت:
_bمنشوعات الحلبي الحقوقية,
_c2004
300 _a327 صفحة؛
_c24 سم
520 _aسوق رأس المال و دراسة البورصة و المؤسسات المالية من الناحية الاقتصادية مع نظام البورصة في سوق الصكوك المالية و سوق المعادن غير الحديدية و المعادن الثمينة و المواد الأولية و العملات كما تم تناول تشكيل لجنة البورصة و عزل أعضائها و صلاحيات لجنة البورصة و أعضائها مع أداب السلوك المهني كما تم التطرق الى الشركات المساهمة في البورصة ، المصارف العاملة في لبنان و المشتركون في البورصة و كذلك مهنة الوساطة ، الوسطاء في البورصة و مستخدمو الوسطاء و مؤسسات الوساطة المالية مع مصدرو الصكوك المالية في البورصة و عمليات هذه الاخيرة و كذلك الصفقات المباشرة و عمليات البورصة عبر الانترنيت و أخيرا القوانين المطبقة على البورصة و الاختصاص القضائي.
653 _aالأسواق المالية
942 _cكتاب
999 _c43734
_d43734